00661nam a22002297a 450000100060000000300090000600500170001500800410003202000180007304000280009108200230011911000440014224500490018625000180023526000370025330000250029065000270031570000120034270000240035470000230037874000300040122600BD-DhUAP20250308131148.0250308b20222024ii ||||| |||| 001 0ceng d a9789388918428 aDLCcDLCdBD-DhUAPbeng00a346.540436 MUL2231 aIndia (Republic).kLaws, statutes, etc.10aMulla on the Transfer of property act, 1882. aReprint 2024. aIndia :bDelhi Law House,c2024. acci, 1408 p.c25 cm. 0aTransfer (Law)zIndia.1 aMulla, 1 aBendale, Dr. Ujwala1 aShaik, Dr. Rasheed0 aTransfer of property act.